000 00297nam a22001217a 4500
003 SGT
082 _a341.23
_bUNP
100 _aUNITED NATION PUBLICATION
245 _aBASIC FACTS ABOUT THE UNITED NATION
260 _aNEW YORK
_bUNITED NATION PUBLICATION
_c1998
300 _a348
942 _2ddc
_cBK
999 _c33363
_d33363